MARC details
| 000 -CABECERA |
| campo de control de longitud fija |
01060nam a2200253 a 4500 |
| 001 - NÚMERO DE CONTROL |
| campo de control |
000023504 |
| 005 - FECHA Y HORA DE LA ÚLTIMA TRANSACCIÓN |
| campo de control |
20241010113235.0 |
| 008 - DATOS DE LONGITUD FIJA--INFORMACIÓN GENERAL |
| campo de control de longitud fija |
101210s1974 ag 000 0 spa d |
| 040 ## - FUENTE DE LA CATALOGACIÓN |
| Centro catalogador/agencia de origen |
DO-SdBNP |
| Lengua de catalogación |
spa |
| Centro/agencia transcriptor |
BNPHU |
| 082 ## - NÚMERO DE LA CLASIFICACIÓN DECIMAL DEWEY |
| Número de clasificación |
371.3 |
| Número de documento/Ítem |
S642c |
| 100 1# - ENTRADA PRINCIPAL--NOMBRE DE PERSONA |
| Nombre de persona |
Smith, Lee L. |
| 9 (RLIN) |
48440 |
| 240 10 - TÍTULO UNIFORME |
| Título uniforme |
Teaching in a nongraded school. |
| Lenguaje de la obra |
Español |
| 245 10 - MENCIÓN DE TÍTULO |
| Título |
Cómo enseñar en la escuela sin grados / |
| Mención de responsabilidad, etc. |
Lee L. Smith ; prefacio Frank Brown ; traducción Antonio H. Soto y Nuria Cortada de Kohan. |
| 260 ## - PUBLICACIÓN, DISTRIBUCIÓN, ETC. |
| Lugar de publicación, distribución, etc. |
Buenos Aires, Argentina : |
| Nombre del editor, distribuidor, etc. |
Editorial Ángel Estrada y Cía ; |
| -- |
Centro Regional de Ayuda Técnica. Agencia para el Desarrollo Internacional, |
| Fecha de publicación, distribución, etc. |
1974. |
| 300 ## - DESCRIPCIÓN FÍSICA |
| Extensión |
330 p. : |
| Otras características físicas |
il. ; |
| Dimensiones |
19 cm. |
| 490 1# - MENCIÓN DE SERIE |
| Mención de serie |
Biblioteca de Ciencias de la Educación |
| 650 #4 - PUNTO DE ACCESO ADICIONAL DE MATERIA--TÉRMINO DE MATERIA |
| Término de materia o nombre geográfico como elemento de entrada |
Modelos de enseñanza |
| 9 (RLIN) |
10348 |
| 650 #4 - PUNTO DE ACCESO ADICIONAL DE MATERIA--TÉRMINO DE MATERIA |
| Término de materia o nombre geográfico como elemento de entrada |
Técnicas de enseñanza |
| 9 (RLIN) |
17690 |
| 650 #0 - PUNTO DE ACCESO ADICIONAL DE MATERIA--TÉRMINO DE MATERIA |
| Término de materia o nombre geográfico como elemento de entrada |
Pedagogía |
| 9 (RLIN) |
693 |
| 700 1# - PUNTO DE ACCESO ADICIONAL--NOMBRE DE PERSONA |
| Nombre de persona |
Brown, Frank, |
| Término indicativo de función/relación |
pról. |
| 9 (RLIN) |
48441 |
| 700 1# - PUNTO DE ACCESO ADICIONAL--NOMBRE DE PERSONA |
| Nombre de persona |
Soto, Antonio H., |
| Término indicativo de función/relación |
tr. |
| 9 (RLIN) |
48442 |
| 700 1# - PUNTO DE ACCESO ADICIONAL--NOMBRE DE PERSONA |
| Nombre de persona |
Cortada de Kohan, Nuria, |
| Término indicativo de función/relación |
tr. |
| 9 (RLIN) |
48010 |
| 830 #0 - PUNTO DE ACCESO ADICIONAL DE SERIE-TÍTULO UNIFORME |
| Título uniforme |
Biblioteca de Ciencias de la Educación |
| 9 (RLIN) |
48443 |